|
|
|
|
| LEADER |
00000cam a2200000 a 4500 |
| 001 |
vtls010581725 |
| 003 |
SK-MaSNL |
| 005 |
20260302050621.0 |
| 008 |
240314s1976 xo fr 000 0 eng |
| 015 |
|
|
|a SNBA1976
|
| 040 |
|
|
|a SNK
|b slo
|c SNK
|e AACR2
|
| 041 |
0 |
|
|a eng
|
| 044 |
|
|
|a xo
|c SK
|
| 080 |
|
|
|a 502.17
|2 2001
|
| 100 |
1 |
|
|a Hauskrechtová, Oľga
|4 aut
|9 617410
|
| 245 |
1 |
0 |
|a International Cooperation in the Firld of Environmental Pollution Control
|c Oľga Hauskrechtová
|
| 260 |
|
|
|a Bratislava
|b Čsl. stred. pre výskum a rozvoj ochrany prostredia pred znečistením
|c 1976
|
| 300 |
|
|
|a 14 s.
|c 4 °
|
| 650 |
0 |
7 |
|a ochrana životného prostredia
|2 SNKPH
|9 3352
|
| 655 |
|
7 |
|a štúdie
|2 SNKPH
|9 57033
|
| 958 |
|
|
|a OND
|
| 958 |
|
|
|a TL
|
| 999 |
|
|
|c 1097723
|d 1099653
|
| 952 |
|
|
|a SNK
|b SNK
|y PREZ
|7 0
|p 17A0765200
|o snkSB 36095
|0 0
|1 0
|4 0
|d 2014-03-11
|f 1
|l 0
|r 2025-04-14 00:00:00
|w 2026-02-24
|